Contribuciones a la geografía de la Quebrada de Humahuaca

Detalles Bibliográficos
Formato: Libro
Publicado: Buenos Aires : Universidad de Buenos AiresFacultad de Filosofía y Letras. Centro de Estudios Geográficos, 1967.
Materias:
Etiquetas: Agregar Etiqueta
Sin Etiquetas, Sea el primero en etiquetar este registro!

MARC

LEADER 00000nam a22000004a 4500
001 AR-BbUGT2758
003 AR-BbUGT
005 20181220001704.0
007 ta
008 061101t1967 |||abd |0|||0| d
040 |a AR-BbUGT  |b spa  |c AR-BbUGT 
082 0 4 |a 918.24 
245 0 0 |a Contribuciones a la geografía de la Quebrada de Humahuaca 
260 |a Buenos Aires :   |b Universidad de Buenos AiresFacultad de Filosofía y Letras. Centro de Estudios Geográficos,   |c 1967. 
300 |a 35 p. :   |b il., cuadros, mapas, tablas 
653 |a Quebrada de Humahuaca 
942 |c BK  |h 918.24  |i C767  |m D  |2 ddc  |6 918_240000000000000_C767 
942 |c BK  |h 918.24  |i C767  |m D  |2 ddc 
999 |c 10317  |d 10317